Nationalisation and industrial conflict: example of British coal-mining (Record no. 437829)

000 -LEADER
fixed length control field 00523cam a22001457a 4500
008 - FIXED-LENGTH DATA ELEMENTS--GENERAL INFORMATION
fixed length control field 180718b1955 xxu||||| |||| 00| 0 eng d
082 ## - DEWEY DECIMAL CLASSIFICATION NUMBER
Classification number R7x42 Sa29
100 ## - MAIN ENTRY--PERSONAL NAME
Personal name Saxena, S. K.
245 ## - TITLE STATEMENT
Title Nationalisation and industrial conflict: example of British coal-mining
Statement of responsibility, etc. by S. K. Saxena
260 ## - PUBLICATION, DISTRIBUTION, ETC.
Place of publication, distribution, etc. Hague
Name of publisher, distributor, etc. Martinus Nijhoff
Date of publication, distribution, etc. 1955
300 ## - PHYSICAL DESCRIPTION
Extent 185p.
650 ## - SUBJECT ADDED ENTRY--TOPICAL TERM
Topical term or geographic name entry element Industrial relations --Great Britain
650 ## - SUBJECT ADDED ENTRY--TOPICAL TERM
Topical term or geographic name entry element Coal mines and mining --Great Britain
650 ## - SUBJECT ADDED ENTRY--TOPICAL TERM
Topical term or geographic name entry element Coal mines and mining --Government ownership --Great Britain
Holdings
Withdrawn status Lost status Damaged status Not for loan Permanent Location Current Location Date acquired Full call number Barcode Date last seen Price effective from Koha item type
        Indian Institute of Public Administration Indian Institute of Public Administration 2010-03-26 R7x42 Sa29 2277 2018-07-21 2018-07-21 Book

Powered by Koha